Countries in the world - Statistics

General Stats
  • This quiz has been taken 102 times
  • The average score is 67 of 199
Answer Stats
Continent Country % Correct
Europe France
88%
Africa Algeria
75%
Europe Spain
73%
Europe Germany
70%
Europe/Asia Russia
69%
Europe Italy
68%
Africa Morocco
68%
North America Canada
66%
Europe Portugal
66%
Asia China
63%
Africa Egypt
63%
Asia Japan
63%
Africa Tunisia
61%
North America United States
61%
Europe United Kingdom
60%
Europe Switzerland
59%
Asia India
56%
Africa South Africa
56%
South America Argentina
55%
Europe Finland
55%
Europe Sweden
55%
South America Brazil
54%
Europe Norway
54%
Oceania Australia
53%
Africa Congo
53%
Europe Ireland
53%
North America Mexico
51%
Africa Niger
51%
Europe Poland
51%
Europe Ukraine
51%
Europe Belgium
50%
Africa Libya
49%
Asia South Korea
49%
Europe Estonia
48%
Africa Ethiopia
48%
Asia North Korea
48%
Africa Senegal
48%
Europe Austria
46%
Europe Croatia
46%
Asia Iran
46%
Europe Netherlands
46%
Oceania New Zealand
46%
Europe Denmark
45%
Europe Greece
45%
Africa Mali
45%
Europe Monaco
45%
Asia Pakistan
45%
South America Chile
44%
South America Colombia
44%
Europe Romania
44%
Europe Serbia
44%
Asia Afghanistan
43%
Africa Angola
43%
Africa Madagascar
43%
Europe Slovakia
43%
Europe Albania
41%
North America Cuba
41%
Asia Israel
41%
Europe Luxembourg
41%
South America Peru
41%
Asia Syria
41%
Europe Bulgaria
40%
Europe Iceland
40%
Asia Indonesia
40%
Asia Iraq
40%
Africa Nigeria
40%
South America Uruguay
40%
Europe Hungary
39%
Europe Malta
39%
Africa Somalia
39%
Asia Thailand
39%
Europe Vatican
39%
South America Venezuela
39%
Europe Andorra
38%
Africa Kenya
38%
Africa Sudan
38%
Asia Kazakhstan
36%
Europe Lithuania
36%
Asia Mongolia
36%
Africa Togo
36%
Asia Vietnam
36%
Africa Zimbabwe
36%
Asia Armenia
35%
Asia Bangladesh
35%
South America Bolivia
35%
Asia Palestine
35%
Europe Slovenia
35%
Africa Zambia
35%
North America Costa Rica
34%
Africa Guinea
34%
Asia Qatar
34%
Africa Chad
33%
Africa Ghana
33%
North America Haiti
33%
Asia Lebanon
33%
North America Panama
33%
Africa Burkina Faso
31%
Asia Jordan
31%
Europe Kosovo
31%
Europe Latvia
31%
Africa Lesotho
31%
Africa Liberia
31%
Asia Malaysia
31%
Africa Mauritania
31%
Asia Oman
31%
Africa Rwanda
31%
Asia Taiwan
31%
Africa Tanzania
31%
Asia Turkmenistan
31%
Africa Uganda
31%
Asia Yemen
31%
Africa Burundi
30%
Asia Cambodia
30%
Europe Cyprus
30%
South America Paraguay
30%
Asia Saudi Arabia
30%
Europe Belarus
29%
Africa Botswana
29%
North America Dominica
29%
Europe/Asia Georgia
29%
Europe Liechtenstein
29%
Asia Nepal
29%
Asia Philippines
29%
Africa South Sudan
29%
Africa Benin
28%
Africa Cameroun
28%
North America Jamaica
28%
Asia Azerbaijan
26%
Africa Djibouti
26%
Africa Gabon
26%
Africa Namibia
26%
Europe San Marino
26%
Africa Eswatini
25%
Africa Gambia
25%
North America Guatemala
25%
Asia Laos
25%
Europe Moldova
25%
Asia Sri Lanka
25%
Europe Bosnia and Herzegovina
24%
South America Ecuador
24%
Asia Kuwait
24%
Africa Mozambique
24%
North America Nicaragua
24%
Asia/Europe Türkiye
24%
Africa Côte d’Ivoire
23%
North America El Salvador
23%
Africa Guinea-Bissau
23%
North America Honduras
23%
Asia Myanmar
23%
Asia Uzbekistan
23%
Africa Malawi
21%
Europe Montenegro
21%
Europe Czechia
20%
Africa Equatorial Guinea
20%
Oceania Fiji
20%
Africa Sierra Leone
20%
Asia Singapore
20%
Asia United Arab Emirates
20%
Asia Bhutan
19%
North America Saint Lucia
19%
Oceania Samoa
19%
Africa Seychelles
19%
South America Suriname
19%
Asia Bahrain
18%
Africa Comoros
18%
Africa Eritrea
18%
Europe North Macedonia
18%
North America Barbados
16%
North America Belize
16%
Africa Central African Republic
16%
South America Guyana
16%
Asia Tajikistan
16%
Oceania Tuvalu
16%
Asia Brunei
15%
Africa Cape Verde
15%
North America Dominican Republic
15%
North America Grenada
15%
Africa Mauritius
15%
Oceania Papua New Guinea
15%
Asia Kyrgyzstan
14%
Asia Maldives
14%
North America The Bahamas
14%
Oceania Tonga
14%
North America Trinidad and Tobago
14%
Oceania Kiribati
13%
Africa São Tomé and Príncipe
13%
Oceania Palau
11%
North America Antigua and Barbuda
10%
Oceania Marshall Islands
10%
Oceania Nauru
10%
North America Saint Vincent and the Grenadines
10%
Oceania Solomon Islands
10%
Oceania Vanuatu
9%
North America Saint Kitts and Nevis
8%
Asia Timor-Leste
4%
Africa Democratic Congo
3%
Oceania Federated States of Micronesia
3%
Oceania Niue
3%
Oceania Cook Islands
1%
No matching quizzes found
Score Distribution
Percent of People with Each Score
Percentile by Number Answered
Your Score History
You have not taken this quiz